000 00711nam a2200289Ia 4500
005 20260324112515.0
008 008 260324s9999 xx 000 0 eng d
020 _a9781003490258
037 _aEBOOK
040 _aCRL
040 _beng
040 _cCRL
041 _2eng
041 _aeng
084 _qCRL
100 _aKrishnendu Acharya; Somanjana Khatua
_91142983
245 0 _aGanoderma
245 0 _bCultivation, Chemistry, and Medicinal Applications, Volume 2
260 _bTaylor and Francis
260 _c2024
365 _a
365 _b260
856 _uhttp://www.taylorfrancis.com/books/9781003490258
942 _cEBOOK
999 _c1732219
_d1732219